Statistical quality control/

Na minha lista:
Detalhes bibliográficos
Autor principal: Grant, Eugene L. (Eugene Lodewick), 1897-1996
Outros Autores: Leavenworth, Richard S. [Author]
Formato: Livro
Publicado em: Boston: MacGrawHill, 1999
Edição:7th ed.-
Colecção:McGraw-Hill series in industrial engineering and management science.
Assuntos:
Tags: Adicionar Tag
Sem tags, seja o primeiro a adicionar uma tag!

MARC

LEADER 00000nam a2200000 4500
020 |a 0071163204  |c $ 86.08/= 
082 |a 658.568 GRA 
100 |a Grant, Eugene L. (Eugene Lodewick), 1897-1996 
245 |a Statistical quality control/  |c Eugene L. Grant and Richard S. Levavenworth 
250 |a 7th ed.- 
260 |a Boston:   |b MacGrawHill,   |c 1999 
300 |a xviii, 764p.:   |b ill.;  |c 24cm. 
490 |a McGraw-Hill series in industrial engineering and management science. 
504 |a Includes references and index. 
650 |a Quality control--Statistical methods | Quality control  |z Qualité -- Contrôle -- Méthodes statistiques. 
700 |a Leavenworth, Richard S. [Author] 
942 |c BK 
999 |c 83  |d 83